000
00225nam a2200085Ia 4500
008
220204s9999 xx 000 0 und d
082
_a
06.055.5:633.72
_b
TEA
245
0
_a
Tea Board, annual report, 1969-70, 1970-1971
942
_c
BK
999
_c
21779
_d
21779